00738nai a2200181Ia 4500003000900000008004100009022002200050022002300072040001600095245006000111260008600171310001400257362003000271521006900301650003600370650005700406856009300463IN-BaIIA211028c9999 xx s 000 0 eng d a0096-1965 (Print) a1558-2647 (Online) cIIA Library 0aIEEE Transactions on Communications Systemsh[eJournal] aNew York, USAbThe Institute of Electrical and Electronics Engineers, Inc. (IEEE) aBiannualy a11(1); 1963 - 12(2); 1964 bSubscribed through National Knowledge Resource Consortium (NKRC) a Signal Processing and Analysis aCommunication, Networking and Broadcast Technologies uhttps://ieeexplore.ieee.org/servlet/opac?punumber=4547466yClick Here to Access eJournal